00687nam a2200169 a 450000100100000000500170001000800410002704000250006808200160009310000370010924500680014626000620021430000200027650000900029695201140038699900170050000003510720200930074117.0111025s1908 sp 000 0 spa d aDO-SdBNPbspacBNPHU axxxxbV335c1 aVásquez del Río, Juan96077913aEl chubasco :bentremés en prosa /cJuan Vásquez del Río. aMadrid :bR. Velasco imp., Marqués de Santa Ana,c1908. a16 p. ;c20 cm. aEstrenado con éxito en el Salón Regio de Madrid, la noche del 21 de mayo de 1908. 001050718MOaGRbGRcCTd2011-10-25iLF1l0oxxxx V335cp35107-10r2020-06-25w2020-06-25y1ZNo se presta c34598d34598